[Event "Let's Play Chess!"]
[Site "http://www.queenalice.com/game.php?id=271361"]
[Date "2007.9.13"]
[Round "-"]
[White "rmchacal"]
[Black "GoA"]
[Result "1-0"]
[WhiteElo "1514"]
[BlackElo "1204"]

1. e3 e5 2. d4 Qf6 3. dxe5 Qxe5 4. Bd3 Bb4+ 5. Bd2 Ba5 6. Nf3 Qe7 7. Bxa5 b6 8.
Bc3 c5 9. O-O Nh6 10. Be5 d6 11. Bxg7 Rg8 12. Bxh6 Qf6 13. Bg5 Qxb2 14. Nc3 Qxc3
15. Bxh7 Rf8 16. Qxd6 Rh8 17. Qe7# 1-0

[Event "Challenge"]
[Site "http://www.queenalice.com/game.php?id=277511"]
[Date "2007.9.26"]
[Round "-"]
[White "cirolo"]
[Black "GoA"]
[Result "1-0"]
[WhiteElo "1312"]
[BlackElo "1220"]

1. e4 e5 2. Bc4 Qf6 3. f3 Bc5 4. Nh3 Qh4+ 5. Ke2 Nc6 6. c3 Na5 7. b4 Nxc4 8.
bxc5 b6 9. d3 d5 10. Qa4+ c6 11. Qxc6+ Kd8 12. Bg5+ Qxg5 13. Nxg5 Be6 14. Qxa8+
Kc7 15. Qxa7+ Kc6 16. dxc4 1-0

[Event "Challenge"]
[Site "http://www.queenalice.com/game.php?id=445093"]
[Date "2008.8.7"]
[Round "-"]
[White "GoA"]
[Black "Raimundo"]
[Result "0-1"]
[WhiteElo "1223"]
[BlackElo "1765"]

1. e3 d5 2. Qf3 c6 3. c4 e6 4. e4 Nf6 5. g4 Nxe4 6. c5 Bxc5 7. Ne2 O-O 8. b3 Ng5
9. Qg3 Ne4 10. Qd3 Nxf2 11. Qf3 Nxh1 12. Qxh1 Qh4+ 13. Ng3 Qxg4 14. Bd3 Qf4 15.
Qf1 Qe5+ 16. Ne2 Qxa1 17. Qh3 g6 18. Nbc3 Bd4 19. Kf1 Bxc3 20. Nxc3 Qxc1+ 21.
Kg2 Qxd2+ 22. Be2 Qg5+ 0-1

[Event "Challenge"]
[Site "http://www.queenalice.com/game.php?id=445960"]
[Date "2008.8.8"]
[Round "-"]
[White "GoA"]
[Black "geraldera"]
[Result "0-1"]
[WhiteElo "1236"]
[BlackElo "1352"]

1. e4 e5 2. Qf3 c6 3. Bc4 Nf6 4. g4 d5 5. exd5 e4 6. Qf4 cxd5 7. Bb3 Bxg4 8.
Qe5+ Be7 9. Ne2 Nc6 10. Qg3 Nd4 11. Nxd4 Rc8 12. c4 dxc4 13. Bxc4 Qxd4 14. d3
exd3 15. Nd2 Bb4 16. Bxd3 O-O 17. f3 Rce8+ 18. Kf1 Qxd3+ 19. Kf2 Re2+ 20. Kg1
Bxd2 21. Qxg4 Nxg4 22. Kf1 Qxf3+ 23. Kg1 Qg2# 0-1

[Event "AUTO-INT-997"]
[Site "http://www.queenalice.com/game.php?id=446013"]
[Date "2008.8.9"]
[Round "1"]
[White "GoA"]
[Black "PlayerElite"]
[Result "0-1"]
[WhiteElo "1192"]
[BlackElo "2166"]

1. e4 c5 2. Bc4 e6 3. Nh3 d5 4. exd5 exd5 5. Bb5+ Nc6 6. Qf3 Nf6 7. Ba4 Bd6 8.
c3 O-O 9. Ng5 Re8+ 10. Kf1 Bg4 11. Qd3 Be2+ 12. Qxe2 Rxe2 13. Kxe2 Ne5 14. Nh3
a6 15. b4 cxb4 16. Bc2 Rc8 17. Nf4 bxc3 18. Nxc3 d4 19. Ncd5 Rxc2 20. g3 g5 0-1

[Event "AUTO-INT-997"]
[Site "http://www.queenalice.com/game.php?id=446014"]
[Date "2008.8.9"]
[Round "1"]
[White "PlayerElite"]
[Black "GoA"]
[Result "1-0"]
[WhiteElo "2167"]
[BlackElo "1190"]

1. e4 e5 2. f4 Qf6 3. Nc3 Bc5 4. Nd5 Qd6 5. Qg4 Qg6 6. Qxg6 fxg6 7. Nxc7+ Kf8 8.
fxe5 Nc6 9. Nxa8 Nxe5 10. Nc7 Nf6 11. d3 Nfg4 12. Nh3 Bb4+ 13. c3 Ba5 14. Nd5 b6
15. b4 Ne3 16. Bxe3 Ba6 17. bxa5 Nxd3+ 18. Bxd3 Bxd3 19. Nf2 Bc4 20. axb6 1-0

[Event "AUTO-INT-997"]
[Site "http://www.queenalice.com/game.php?id=446017"]
[Date "2008.8.9"]
[Round "1"]
[White "GoA"]
[Black "Sigmund"]
[Result "0-1"]
[WhiteElo "1238"]
[BlackElo "1711"]

1. e4 e5 2. Bc4 Nf6 3. Qf3 Bc5 4. Nc3 Nc6 5. Nd5 Nd4 6. Qd1 O-O 7. c3 Nc6 8. Qf3
d6 9. g4 Nxg4 10. Ne3 Qh4 11. Ng2 Qh5 12. d3 Bxf2+ 13. Ke2 Bc5 14. h3 Nf6 15. b4
Bxb4 16. cxb4 Nd4+ 17. Ke1 Nxf3+ 18. Nxf3 Qxf3 19. Bb2 Qxg2 20. Rf1 Qxb2 21. Rd1
Qc3+ 22. Rd2 Qxb4 23. h4 Nxe4 24. Ke2 Bg4+ 25. Ke3 Qxd2+ 26. Kxe4 Qe2+ 27. Kd5
Be6# 0-1

[Event "AUTO-INT-997"]
[Site "http://www.queenalice.com/game.php?id=446018"]
[Date "2008.8.9"]
[Round "1"]
[White "Sigmund"]
[Black "GoA"]
[Result "1-0"]
[WhiteElo "1716"]
[BlackElo "1225"]

1. e4 f6 2. d4 e5 3. Nf3 Nc6 4. d5 Nce7 5. Bc4 b5 6. Bxb5 a6 7. Ba4 Ng6 8. Bd2
Nf4 9. O-O Qe7 10. c4 Qf7 11. Bxf4 exf4 12. a3 Bd6 13. Re1 Qh5 14. Re2 Nh6 15.
h3 Bc5 16. g4 Nxg4 17. hxg4 Qh3 18. Nbd2 h5 19. Qf1 hxg4 20. Qxh3 Rxh3 21. Nh2
Rb8 22. Nxg4 f3 23. Ree1 Rxb2 24. Nb3 Rh4 25. Nh2 c6 26. Nxc5 Rh5 27. Nxf3 cxd5
28. exd5+ Kf8 29. Rab1 Ra2 30. Rb8 d6 31. Rxc8+ Kf7 32. Be8+ Kg8 33. Bg6# 1-0

[Event "Challenge"]
[Site "http://www.queenalice.com/game.php?id=446099"]
[Date "2008.8.9"]
[Round "-"]
[White "marcoswerneck"]
[Black "GoA"]
[Result "1-0"]
[WhiteElo "1544"]
[BlackElo "1214"]

1. g3 e5 2. Bg2 Qf6 3. e3 Nc6 4. d3 Bc5 5. Nf3 b5 6. a3 b4 7. O-O h5 8. Nbd2 Bb7
9. Nb3 Be7 10. e4 g5 11. Bxg5 Qg6 12. Bxe7 Kxe7 13. Nh4 Qd6 14. Nf5+ Kf6 15.
Nxd6 Ba6 16. Qf3+ Ke7 17. Nf5+ Kd8 18. Nc5 Bb5 19. Rfd1 Nf6 20. d4 exd4 21. e5
Ne8 22. axb4 Nxe5 23. Qxa8# 1-0

[Event "Challenge II"]
[Site "http://www.queenalice.com/game.php?id=447506"]
[Date "2008.8.12"]
[Round "-"]
[White "Maraz"]
[Black "GoA"]
[Result "1-0"]
[WhiteElo "1179"]
[BlackElo "1211"]

1. e4 e5 2. d3 Bc5 3. Nh3 Qf6 4. c4 g5 5. Bxg5 Qg6 6. Nd2 h6 7. Bh4 Nc6 8. Nf3
Nd4 9. Qb1 d5 10. b4 Be7 11. cxd5 Nf6 12. g4 Qxg4 13. Nxe5 Nf3+ 14. Kd1 Qg7 15.
Be2 Nxh4 16. d4 Nxe4 17. Bb5+ c6 18. Ba4 b5 19. Bb3 1-0

[Event "Challenge"]
[Site "http://www.queenalice.com/game.php?id=448621"]
[Date "2008.8.14"]
[Round "-"]
[White "GoA"]
[Black "telmo"]
[Result "0-1"]
[WhiteElo "1221"]
[BlackElo "2072"]

1. e4 c5 2. Bc4 e6 3. Qf3 Nc6 4. Nc3 Nf6 5. e5 Nxe5 6. Qf4 Nxc4 7. Nb5 d6 8.
Qxc4 Be7 9. Nf3 O-O 10. h4 d5 11. Qd3 b6 12. Ne5 Bb7 13. g4 a6 14. Na3 Qc7 15.
Nf3 Qf4 16. h5 d4 17. g5 Be4 18. Qe2 Bxf3 0-1

[Event "Challenge"]
[Site "http://www.queenalice.com/game.php?id=448622"]
[Date "2008.8.14"]
[Round "-"]
[White "GoA"]
[Black "Lintz"]
[Result "0-1"]
[WhiteElo "1194"]
[BlackElo "1877"]

1. e4 Nc6 2. Bc4 e5 3. Qf3 Nf6 4. g4 Nd4 5. Qh3 Nxc2+ 6. Kf1 Nxe4 7. Qf3 Nd6 8.
Bb3 Nxa1 9. Ba4 Be7 10. b3 Nc2 11. Bb2 f6 12. b4 Nxb4 13. a3 e4 14. Qc3 Nd3 15.
Bb3 Nf7 16. Qc4 O-O 17. Qxe4 Nxb2 0-1

[Event "Bora??"]
[Site "http://www.queenalice.com/game.php?id=619208"]
[Date "2009.7.15"]
[Round "-"]
[White "GoA"]
[Black "brusantos"]
[Result "0-1"]
[WhiteElo "1215"]
[BlackElo "1194"]

1. e3 e5 2. Bc4 Bc5 3. d4 exd4 4. Qf3 Nh6 5. Qd5 Qe7 6. Qf3 O-O 7. Qg3 d6 8. Ne2
Nf5 9. Qh3 Nxe3 10. Bd3 Bxh3 11. gxh3 Ng2+ 12. Kd1 Nh4 13. Nd2 Ng2 14. Nc4 Nc6
15. h4 Nxh4 0-1